| 000 | 00618nam a2200157 4500 | ||
|---|---|---|---|
| 999 |
_c5987 _d5987 |
||
| 008 | 161207b xxu||||| |||| 00| 0 eng d | ||
| 022 | _a00914169 | ||
| 082 | _aDPer 364.05 J82 2014 v. 104, n. 3 | ||
| 100 |
_918177 _aTsui, Judy |
||
| 245 |
_aBreaking free of the prison paradigm: _bintegrating restorative justice techniques into Chicago's juvenile justice system/ _cJudy Tsui. |
||
| 260 |
_aEvanston: _bNorthwestern University Press, _c©2014. |
||
| 300 |
_apages 635-666; _c25 cm. |
||
| 500 | _aThe Journal of criminal law and criminology. | ||
| 650 | 0 |
_918178 _aAdministration of criminal justice |
|
| 942 |
_2ddc _cPER |
||